[Event "61.ITA Provinciale VE"]
[Site "Venezia S.Alvise"]
[Date "2001.03.03"]
[Round "3"]
[White "Ballarin, Gabriele"]
[Black "Scussat, Andrea"]
[Result "1-0"]
[WhiteElo "1570"]
[BlackElo "1400"]
[Annotator "Gabriele Ballarin"]
[PlyCount "89"]
[EventDate "2001.03.02"]
[EventType "swiss"]
[EventRounds "5"]
[EventCountry "ITA"]

1. e4 e5 2. Nc3 Nf6 3. Bc4 Bc5 4. d3 Bb4 5. Bd2 Bxc3 6. Bxc3 d6 7. Ne2 Nc6 8. O-O O-O 9. f4 Ng4 10. Qd2 Be6 11. h3 Nf6 12. Bb5 a6 13. Bxc6 bxc6 14. fxe5 dxe5 15. Ng3 Nd7 16. Rf2 g6 17. Raf1 f6 18. b3 Qe7 19. a4 Rf7 20. Ba5 Nb6 21. Bb4 Qd8 22. Qc3 Bd7 23. a5 Nc8 24. Qc4 Nd6 25. Qc3 Nb5 26. Qa1 Nd6 27. Ne2 Qe7 28. Nc3 Rb8 29. Qa3 f5 30. exf5 gxf5 31. Na4 Be6 32. Nc5 Nb5 33. Nxa6 Nxa3 34. Bxe7 Ra8 35. Nxc7 Rc8 36. Bxa3 Rcxc7 37. Bd6 Ra7 38. b4 e4 39. dxe4 fxe4 40. Bc5 Rxf2 41. Rxf2 Rb7 42. a6 Rb8 43. Rf8+ Rxf8 44. Bxf8 Kxf8 45. a7 1-0

[Event "61.ITA Provinciale VE"]
[Site "Venezia S.Alvise"]
[Date "2001.03.03"]
[Round "3"]
[White "Pechy, Alaster"]
[Black "Baracchi, Filippo"]
[Result "1-0"]
[WhiteElo "1615"]
[BlackElo "1624"]
[Annotator "Gabriele Ballarin"]
[PlyCount "95"]
[EventDate "2001.03.02"]
[EventType "swiss"]
[EventRounds "5"]
[EventCountry "ITA"]

1. d4 Nf6 2. c4 g6 3. Nc3 Bg7 4. e4 d6 5. f3 O-O 6. Bd3 Nbd7 7. Nge2 e5 8. d5 a5 9. Be3 Nc5 10. Bc2 c6 11. dxc6 bxc6 12. O-O Be6 13. b3 Na6 14. Rc1 d5 15. cxd5 cxd5 16. exd5 Nxd5 17. Nxd5 Qxd5 18. Be4 Qxd1 19. Rfxd1 Rac8 20. Rxc8 Bxc8 21. Bb6 Bh6 22. Bxa5 Nc5 23. Bc6 Be3+ 24. Kf1 Ba6 25. b4 Rc8 26. Rd8+ Rxd8 27. Bxd8 Ne6 28. Bf6 Nd4 29. b5 Bxb5 30. Bxb5 Nxb5 31. Bxe5 Kf8 32. a4 Na7 33. Bd4 Bxd4 34. Nxd4 Ke7 35. Ke2 Kd6 36. Kd3 Kd5 37. h4 f5 38. h5 f4 39. hxg6 hxg6 40. Ne2 g5 41. Nc3+ Ke5 42. Kc4 Kf5 43. Kc5 g4 44. Nb5 gxf3 45. gxf3 Nc8 46. Nd6+ Nxd6 47. Kxd6 Kg5 48. Ke5 1-0

[Event "61.ITA Provinciale VE"]
[Site "Venezia S.Alvise"]
[Date "2001.03.04"]
[Round "4"]
[White "Ballarin, Gabriele"]
[Black "Pechy, Alaster"]
[Result "0-1"]
[WhiteElo "1570"]
[BlackElo "1600"]
[Annotator "Gabriele Ballarin"]
[PlyCount "48"]
[EventDate "2001.03.02"]
[EventType "swiss"]
[EventRounds "5"]
[EventCountry "ITA"]

1. e4 c5 2. Nc3 d6 3. f4 Nc6 4. Nf3 g6 5. g3 Bg7 6. Bg2 Nf6 7. d3 O-O 8. O-O e6 9. Nh4 h6 10. h3 Nh5 11. Kh2 a6 12. f5 Be5 13. Nxg6 fxg6 14. Qg4 Bxg3+ 15. Kg1 Ne5 16. Qe2 exf5 17. Bxh6 Rf7 18. exf5 Rxf5 19. Rxf5 Bxf5 20. Rf1 Qd7 21. Nd5 Re8 22. Be4 Bxe4 23. Qxh5 Bxd5 24. Qe2 Qxh3 0-1

[Event "61.ITA Provinciale VE"]
[Site "Venezia S.Alvise"]
[Date "2001.03.04"]
[Round "4"]
[White "Boscolo, Fabio"]
[Black "Baracchi, Filippo"]
[Result "1-0"]
[WhiteElo "1858"]
[BlackElo "1624"]
[Annotator "Gabriele Ballarin"]
[PlyCount "83"]
[EventDate "2001.03.02"]
[EventType "swiss"]
[EventRounds "5"]
[EventCountry "ITA"]

1. e4 e5 2. Nf3 Nc6 3. Bb5 a6 4. Ba4 Nf6 5. d3 d6 6. c3 Be7 7. Nbd2 Bd7 8. h3 b5 9. Bc2 O-O 10. O-O Re8 11. Re1 Bf8 12. Nf1 Ne7 13. Ng3 c5 14. Nh4 Bc6 15. Bg5 Ng6 16. Nhf5 h6 17. Bd2 Ne7 18. Nxe7+ Bxe7 19. Nf5 Qc7 20. Qf3 Bf8 21. Nxh6+ gxh6 22. Qxf6 Re6 23. Qf5 Rg6 24. Bb3 Kg7 25. Qh5 Be7 26. f4 exf4 27. Bxf4 Bf6 28. Qxc5 Rxg2+ 29. Kh1 dxc5 30. Bxc7 Rxb2 31. Rg1+ Kh8 32. Bxf7 Bxc3 33. Rac1 Bd4 34. Rxc5 Bxg1 35. Be5+ Kh7 36. Kxg1 Rb1+ 37. Kh2 Be8 38. Be6 Ra7 39. Rc8 Bd7 40. Rh8+ Kg6 41. Rg8+ Kh5 42. Bf7+ 1-0

[Event "61.ITA Provinciale VE"]
[Site "Venezia S.Alvise"]
[Date "2001.03.04"]
[Round "5"]
[White "Baracchi, Filippo"]
[Black "Canestrelli, Giulio"]
[Result "1-0"]
[WhiteElo "1624"]
[BlackElo "1300"]
[Annotator "Gabriele Ballarin"]
[PlyCount "75"]
[EventDate "2001.03.02"]
[EventType "swiss"]
[EventRounds "5"]
[EventCountry "ITA"]

1. e4 e5 2. Nc3 Nf6 3. f4 Nc6 4. Nf3 Bb4 5. Bc4 d6 6. d3 Bg4 7. h3 Bxf3 8. gxf3 Nh5 9. h4 Nxf4 10. Bxf4 exf4 11. Qe2 Qf6 12. Qd2 Nd4 13. Rh3 Rg8 14. O-O-O g5 15. hxg5 Rxg5 16. a3 Rg3 17. Rxg3 fxg3 18. axb4 Nxf3 19. Qg2 Qf4+ 20. Kb1 O-O-O 21. Nd5 Qg4 22. Nf6 Qf4 23. Nh5 Qe3 24. Bxf7 Rf8 25. Be6+ Kb8 26. Qxg3 Nd2+ 27. Ka1 Qe2 28. Bg4 Qf2 29. Qxf2 Rxf2 30. Rh1 b6 31. Bf5 a5 32. bxa5 bxa5 33. Nf6 Kb7 34. Rxh7 Kb6 35. Nd5+ Kb5 36. Nxc7+ Kb4 37. Na6+ Ka4 38. Bd7# 1-0

[Event "61.ITA Provinciale VE"]
[Site "Venezia S.Alvise"]
[Date "2001.03.04"]
[Round "5"]
[White "Mason, Andrea"]
[Black "Ballarin, Gabriele"]
[Result "0-1"]
[WhiteElo "1500"]
[BlackElo "1570"]
[Annotator "Gabriele Ballarin"]
[PlyCount "98"]
[EventDate "2001.03.02"]
[EventType "swiss"]
[EventRounds "5"]
[EventCountry "ITA"]

1. Nf3 e6 2. d4 b6 3. Bg5 Be7 4. Bxe7 Nxe7 5. e4 Bb7 6. Nbd2 c5 7. dxc5 bxc5 8. Nc4 d5 9. exd5 Nxd5 10. Nce5 Qa5+ 11. c3 Nc6 12. Bc4 Rd8 13. Qc2 Nxe5 14. Nxe5 O-O 15. O-O Nf4 16. f3 Nd5 17. Rfe1 Qc7 18. Rad1 Nf6 19. a3 Rb8 20. Ba2 Rfd8 21. Bb1 Rxd1 22. Qxd1 Rd8 23. Qe2 Qb6 24. Kh1 Ba6 25. Bd3 Bxd3 26. Nxd3 Qb5 27. Nf2 a6 28. Qxb5 axb5 29. Rd1 Rd5 30. b3 Kf8 31. c4 Rxd1+ 32. Nxd1 bxc4 33. bxc4 Ke7 34. Kg1 Kd6 35. Kf2 Nd7 36. a4 Kc6 37. Ke3 Kb6 38. Kd3 Ka5 39. Nb2 Kb4 40. Kc2 Ne5 41. Nd3+ Nxd3 42. Kxd3 Kxa4 43. f4 Kb3 44. g4 f6 45. h4 g6 46. Ke4 Kxc4 47. g5 fxg5 48. hxg5 Kb3 49. Ke5 c4 0-1

[Event "61.Camp. Veneto Quarti di Finale"]
[Site "Arquà Petrarca ITA"]
[Date "2001.05.05"]
[Round "1.4"]
[White "Piva, Giorgio"]
[Black "Dal Zovo, Claudio"]
[Result "1-0"]
[WhiteElo "2140"]
[BlackElo "1765"]
[Annotator "Gabriele Ballarin"]
[PlyCount "103"]
[EventDate "2001.05.05"]
[EventType "swiss"]
[EventRounds "6"]
[EventCountry "ITA"]
[SourceTitle "Inf 22"]

1. d4 Nf6 2. Bg5 e6 3. e3 Be7 4. Bd3 c5 5. Nd2 b6 6. Ngf3 Bb7 7. Qe2 d6 8. O-O Nbd7 9. a4 O-O 10. a5 Re8 11. Ra2 Qc7 12. Rfa1 h6 13. Bh4 Nd5 14. Bxe7 Nxe7 15. c3 e5 16. dxe5 Nxe5 17. Nxe5 dxe5 18. Ba6 Ng6 19. Bxb7 Qxb7 20. axb6 axb6 21. Qb5 Rab8 22. f3 Re6 23. Ne4 Ne7 24. Ra7 Qd5 25. Rd7 Qc6 26. Qd3 Nc8 27. Rd8+ Re8 28. Rd1 Kf8 29. g4 Rb7 30. Kf2 Rbe7 31. Ng3 Rxd8 32. Qxd8+ Re8 33. Qd3 g6 34. Ne4 Kg7 35. h4 Qe6 36. Qd7 Qxd7 37. Rxd7 Re6 38. g5 hxg5 39. hxg5 Re8 40. Nf6 Rf8 41. Ke2 Rh8 42. Kd3 Rh2 43. Ke4 Rxb2 44. Rd8 Ne7 45. Re8 Ra2 46. Rxe7 Ra8 47. Rb7 Rh8 48. Rxb6 Rc8 49. Kxe5 Kf8 50. Rb8 Rxb8 51. Nd7+ Ke7 52. Nxb8 1-0

[Event "61.Camp. Veneto Quarti di Finale"]
[Site "Arquà Petrarca ITA"]
[Date "2001.05.05"]
[Round "1.9"]
[White "Mocellin, Gianfranco"]
[Black "Sgaravatti, Francesco"]
[Result "0-1"]
[WhiteElo "1605"]
[BlackElo "2065"]
[Annotator "Gabriele Ballarin"]
[PlyCount "96"]
[EventDate "2001.05.05"]
[EventType "swiss"]
[EventRounds "6"]
[EventCountry "ITA"]
[SourceTitle "Inf 22"]

1. Nf3 d5 2. g3 c5 3. Bg2 Nc6 4. d4 cxd4 5. Nxd4 Nf6 6. O-O Qb6 7. Nxc6 bxc6 8. b3 g6 9. Bb2 Bg7 10. Nc3 O-O 11. Na4 Qa5 12. Bc3 Qc7 13. f4 Bf5 14. Be5 Qa5 15. c3 Rac8 16. b4 Qb5 17. Nc5 a5 18. a3 Rfd8 19. e3 Ne4 20. Bxg7 Nxc5 21. Bd4 Na4 22. Qd2 f6 23. Bf3 Bd3 24. Rfc1 Bc4 25. Kf2 Re8 26. f5 gxf5 27. Bh5 Rf8 28. Bd1 e5 29. Bxa4 Qxa4 30. Bc5 Rf7 31. Rg1 Rg7 32. h3 Kh8 33. g4 fxg4 34. Rxg4 Rcg8 35. Kf3 Bd3 36. Rag1 Be4+ 37. Kf2 Rxg4 38. Rxg4 Rxg4 39. hxg4 Qxa3 40. Be7 Kg7 41. g5 fxg5 42. Bxg5 a4 43. c4 Qa1 44. cxd5 cxd5 45. b5 a3 46. Qa5 Qb2+ 47. Kg3 Qg2+ 48. Kh4 Qh2+ 0-1

[Event "61.Camp. Veneto Quarti di Finale"]
[Site "Arquà Petrarca ITA"]
[Date "2001.05.06"]
[Round "2.9"]
[White "Ventura, Sergio"]
[Black "Mocellin, Gianfranco"]
[Result "0-1"]
[WhiteElo "2190"]
[BlackElo "1605"]
[Annotator "Gabriele Ballarin"]
[PlyCount "66"]
[EventDate "2001.05.05"]
[EventType "swiss"]
[EventRounds "6"]
[EventCountry "ITA"]
[SourceTitle "Inf 22"]

1. f4 f5 2. b3 Nf6 3. Bb2 g6 4. e3 Bg7 5. Be2 e6 6. h4 h5 7. d3 Qe7 8. Rh3 Nd5 9. Qc1 Nc6 10. c4 Nf6 11. Nf3 b6 12. Bc3 Bb7 13. Qb2 d6 14. b4 O-O 15. b5 Nd8 16. a4 Rb8 17. a5 Ng4 18. Kd2 e5 19. fxe5 Bxe5 20. Nxe5 Nxe5 21. axb6 axb6 22. Bxe5 dxe5 23. Rg3 Kh7 24. Ra7 f4 25. Rf3 Bxf3 26. Bxf3 fxe3+ 27. Kxe3 Qc5+ 28. Ke2 Ne6 29. Kf1 Rf7 30. Nd2 Rbf8 31. Ne4 Qe3 32. Qxe5 Rxf3+ 33. gxf3 Rxf3+ 0-1

[Event "61.Camp. Veneto Quarti di Finale"]
[Site "Arquà Petrarca ITA"]
[Date "2001.05.06"]
[Round "3.5"]
[White "Piva, Giorgio"]
[Black "Rigo, Gianfrancesco"]
[Result "1-0"]
[WhiteElo "2140"]
[BlackElo "1870"]
[Annotator "Gabriele Ballarin"]
[PlyCount "91"]
[EventDate "2001.05.05"]
[EventType "swiss"]
[EventRounds "6"]
[EventCountry "ITA"]
[SourceTitle "Inf 22"]

1. d4 e6 2. Nf3 b6 3. g3 Bb7 4. Bg2 Nf6 5. c4 Bb4+ 6. Nbd2 Na6 7. a3 Be7 8. b4 c5 9. dxc5 bxc5 10. b5 Nc7 11. Bb2 O-O 12. O-O d6 13. Qc2 Qc8 14. a4 e5 15. Bc3 Ne6 16. e3 Qc7 17. Rfb1 Nd7 18. a5 Rac8 19. b6 axb6 20. axb6 Qb8 21. Ra7 f5 22. Nxe5 dxe5 23. Rxb7 Qd6 24. Bd5 Nf6 25. Qb2 Nxd5 26. cxd5 Nd4 27. exd4 exd4 28. Bxd4 cxd4 29. Qxd4 Bf6 30. Nc4 Bxd4 31. Nxd6 Rc2 32. Rc7 Rxf2 33. Kh1 f4 34. Nc8 Be5 35. d6 fxg3 36. hxg3 Bxg3 37. Ne7+ Kh8 38. b7 Bxd6 39. b8=Q Bxc7 40. Qxc7 R2f7 41. Qe5 Rf6 42. Rb8 Rf1+ 43. Kg2 R1f2+ 44. Kg3 R2f3+ 45. Kg4 R3f4+ 46. Qxf4 1-0

[Event "61.Camp. Veneto Quarti di Finale"]
[Site "Arquà Petrarca ITA"]
[Date "2001.05.06"]
[Round "3.8"]
[White "Radulescu, Gheorghe"]
[Black "Giuriato, Sergio"]
[Result "1-0"]
[WhiteElo "1915"]
[BlackElo "1765"]
[Annotator "Gabriele Ballarin"]
[PlyCount "85"]
[EventDate "2001.05.05"]
[EventType "swiss"]
[EventRounds "6"]
[EventCountry "ITA"]
[SourceTitle "Inf 22"]

1. d4 Nf6 2. c4 e6 3. Nc3 Bb4 4. Qc2 O-O 5. e4 d6 6. Bd3 e5 7. Nge2 Nc6 8. d5 Ne7 9. O-O Ng6 10. a3 Bxc3 11. Qxc3 Qe7 12. f3 a5 13. b4 b6 14. Be3 Bd7 15. Rfc1 Rfb8 16. Rab1 axb4 17. axb4 Qd8 18. c5 bxc5 19. bxc5 Rxb1 20. Rxb1 dxc5 21. Qxc5 Ne8 22. Rc1 Qe7 23. Qc2 Qa3 24. Bc5 Qa4 25. Qc3 Bb5 26. Bc2 Qa5 27. Qxa5 Rxa5 28. Bb4 Ra8 29. Kf2 Nd6 30. Nc3 Bd7 31. g3 Ne7 32. Bd3 Nec8 33. Ne2 Ne8 34. f4 f6 35. Bc3 exf4 36. gxf4 Ncd6 37. e5 Bb5 38. Bb1 Bxe2 39. Kxe2 Nb5 40. Bb2 Kf8 41. Rc5 Rb8 42. Bxh7 Na7 43. Ba3 1-0

[Event "61.Camp. Veneto Quarti di Finale"]
[Site "Arquà Petrarca ITA"]
[Date "2001.05.06"]
[Round "3.9"]
[White "Mocellin, Gianfranco"]
[Black "Guclu, Yaman"]
[Result "1/2-1/2"]
[WhiteElo "1605"]
[BlackElo "1605"]
[Annotator "Gabriele Ballarin"]
[PlyCount "130"]
[EventDate "2001.05.05"]
[EventType "swiss"]
[EventRounds "6"]
[EventCountry "ITA"]
[SourceTitle "Inf 22"]

1. Nf3 Nf6 2. b3 d6 3. Bb2 Nbd7 4. e3 c5 5. c4 e6 6. Bd3 Be7 7. Bc2 a6 8. Nc3 Rb8 9. a4 b6 10. O-O Bb7 11. d4 Qc7 12. d5 e5 13. e4 Bc8 14. Ng5 h6 15. Nf3 Nh5 16. Bc1 Nf4 17. Bxf4 exf4 18. Qd2 Bf6 19. Bd1 g5 20. h3 h5 21. Nh2 Ne5 22. Rc1 Qe7 23. f3 Rg8 24. Rc2 Rg6 25. Be2 a5 26. Qd1 Nd7 27. Bd3 Be5 28. Nb5 Rb7 29. Be2 Qf6 30. Kh1 Qg7 31. Rd2 Nf6 32. Nxd6+ Bxd6 33. e5 Bxe5 34. Bd3 Bd6 35. Bxg6 Qxg6 36. Re1+ Re7 37. Rde2 Rxe2 38. Rxe2+ Kf8 39. Nf1 g4 40. h4 g3 41. Nd2 Bd7 42. Qe1 Kg7 43. Qa1 Kg8 44. Ne4 Nxe4 45. Rxe4 Qg7 46. Qxg7+ Kxg7 47. Kg1 Kf8 48. Kf1 Bf5 49. Re1 Bd3+ 50. Kg1 Be7 51. Re5 Bf6 52. Re1 Bd4+ 53. Kh1 Be3 54. d6 Bc2 55. Re2 Bxb3 56. Rb2 Bxa4 57. Rxb6 Ke8 58. d7+ Bxd7 59. Re6+ Kf8 60. Re8+ Kg7 61. Rg8+ Kf6 62. Rg6+ Ke5 63. Re6+ Kd4 64. Rd6+ Kc3 65. Rxd7 Bc1 1/2-1/2

[Event "61.Camp. Veneto Quarti di Finale"]
[Site "Arquà Petrarca ITA"]
[Date "2001.05.06"]
[Round "3.10"]
[White "Ballarin, Gabriele"]
[Black "Pechy, Alaster"]
[Result "0-1"]
[WhiteElo "1570"]
[BlackElo "1615"]
[Annotator "Gabriele Ballarin"]
[PlyCount "129"]
[EventDate "2001.05.05"]
[EventType "swiss"]
[EventRounds "6"]
[EventCountry "ITA"]

{[%evp 0,118,31,33,48,48,98,48,53,33,57,17,27,4,23,30,31,15,15,8,8,-18,-3,-13,-1,-33,-33,-38,-62,-62,-62,-62,23,37,47,-28,-46,-48,-28,-48,-40,-75,-63,-71,-71,-51,-3,-22,-42,-70,-84,-84,12,20,23,-42,103,-17,-13,-32,59,-37,-7,-26,-37,-37,-37,-90,-18,-45,-35,-115,-98,-120,-114,-134,-135,-135,290,300,318,273,397,361,397,373,373,226,290,413,437,208,220,141,152,159,155,172,170,-221,-275,-288,-288,-308,-330,-356,-388,-389,-407,-448,-485,-514,-533,-511,-485,-698,-698,-688,-714,-763,-768]} 1. e4 c5 2. Nc3 d6 3. f4 Nc6 4. Nf3 g6 5. d3 Bg7 6. g3 e6 7. Bg2 Nge7 8. O-O O-O 9. Be3 b6 10. Rb1 Ba6 11. Ne2 Rc8 12. c3 d5 13. e5 d4 14. cxd4 Nf5 15. Bf2 cxd4 16. b4 b5 17. g4 Ne3 18. Bxe3 dxe3 19. g5 Bb7 20. Qb3 Qb6 21. d4 Ne7 22. Qxe3 Nd5 23. Qb3 Rc4 24. a3 Rfc8 25. Rb2 Bf8 26. Nd2 Rc3 27. Qa2 a5 28. Ne4 axb4 29. axb4 R3c4 30. Qb1 Ne3 31. Nf6+ Kh8 32. Bxb7 Qxb7 33. Rf2 Qc6 34. h3 Nc2 35. h4 Nxd4 36. Qd3 Nxe2+ 37. Qxe2 Bxb4 38. Kh2 Be1 39. Qxe1 Rc1 40. Qe4 Qc3 41. h5 Rc4 42. Qa8+ Rc8 43. Qf3 Qe1 44. Qg2 Kg7 45. hxg6 hxg6 46. Rbe2 Rh8+ 47. Kg3 Rc3+ 48. Kg4 Qb1 49. Rf3 Qf5+ 50. Kg3 Rh3+ 51. Kf2 Rcxf3+ 52. Qxf3 Rxf3+ 53. Kxf3 Qd3+ 54. Kf2 b4 55. Ne4 b3 56. Nd2 b2 57. Kf1 Qxd2 58. Rxd2 b1=Q+ 59. Kg2 Qe4+ 60. Kg1 Qxf4 61. Rg2 Qd4+ 62. Kf1 Qxe5 63. Kg1 Qe3+ 64. Kh1 e5 65. Kh2 0-1

[Event "61.Camp. Veneto Quarti di Finale"]
[Site "Arquà Petrarca ITA"]
[Date "2001.05.12"]
[Round "4.6"]
[White "Guclu, Yaman"]
[Black "Vianello, Enrico"]
[Result "0-1"]
[WhiteElo "1605"]
[BlackElo "1855"]
[Annotator "Gabriele Ballarin"]
[PlyCount "72"]
[EventDate "2001.05.05"]
[EventType "swiss"]
[EventRounds "6"]
[EventCountry "ITA"]
[SourceTitle "Inf 22"]

1. e4 c5 2. Nf3 Nc6 3. g3 d6 4. Bg2 Nf6 5. d3 e6 6. Nbd2 Be7 7. c3 O-O 8. O-O Qc7 9. Re1 b5 10. a4 b4 11. Nc4 Bb7 12. Qc2 Rac8 13. a5 Ba6 14. e5 Ne8 15. exd6 Nxd6 16. Nfe5 Nxe5 17. Nxe5 Bb7 18. f4 Rfd8 19. Be3 Nf5 20. Be4 Nxe3 21. Rxe3 g6 22. Qg2 Bxe4 23. Qxe4 Bf6 24. a6 Rd5 25. Ra4 Bxe5 26. fxe5 Qc6 27. Ra1 Qb6 28. Rf3 Rc7 29. Kg2 bxc3 30. Rf2 cxb2 31. Rb1 Qxa6 32. Rfxb2 Qxd3 33. Qh4 Rd8 34. Rb8 Rcd7 35. R1b7 Qe2+ 36. Kh3 Qf1+ 0-1

[Event "61.Camp. Veneto Quarti di Finale"]
[Site "Arquà Petrarca ITA"]
[Date "2001.05.12"]
[Round "4.7"]
[White "Pechy, Alaster"]
[Black "Mocellin, Gianfranco"]
[Result "0-1"]
[WhiteElo "1615"]
[BlackElo "1605"]
[Annotator "Gabriele Ballarin"]
[PlyCount "126"]
[EventDate "2001.05.05"]
[EventType "swiss"]
[EventRounds "6"]
[EventCountry "ITA"]
[SourceTitle "Inf 22"]

1. d4 Nf6 2. c4 g6 3. Nc3 d5 4. cxd5 Nxd5 5. e4 Nxc3 6. bxc3 Bg7 7. Bc4 O-O 8. Be3 b6 9. Ne2 Bb7 10. f3 e6 11. O-O Nc6 12. Qd2 Na5 13. Bd3 Qe7 14. Rac1 Rad8 15. Bg5 f6 16. Be3 c5 17. Qb2 c4 18. Bc2 Bc6 19. Rb1 b5 20. d5 exd5 21. Nd4 a6 22. Qb4 Qxb4 23. cxb4 f5 24. bxa5 Bxd4 25. Bxd4 dxe4 26. Bc5 Rf7 27. Rbd1 Rxd1 28. Rxd1 exf3 29. Rd8+ Kg7 30. Rd6 Bb7 31. gxf3 Kh6 32. Kf2 Kh5 33. a4 Rc7 34. Bb6 Rc6 35. Rd7 Bc8 36. Rxh7+ Kg5 37. axb5 axb5 38. Bd4 b4 39. h4+ Kf4 40. Re7 Be6 41. Ba4 Rd6 42. Be3+ Ke5 43. Rb7 b3 44. Rb6 Rd5 45. a6 Ra5 46. f4+ Kd5 47. Bc6+ Kd6 48. Bb7+ Kd7 49. a7 Rxa7 50. Ke1 c3 51. Bd4 Ra1+ 52. Ke2 Bc4+ 53. Ke3 Re1+ 54. Kf2 Re2+ 55. Kf3 c2 56. Bb2 Re1 57. Rb4 c1=Q 58. Bxc1 Rxc1 59. Ke3 Rd1 60. Bf3 Rd3+ 61. Ke2 b2 62. Bb7 Rb3+ 63. Rxc4 Rxb7 0-1

[Event "61.Camp. Veneto Quarti di Finale"]
[Site "Arquà Petrarca ITA"]
[Date "2001.05.13"]
[Round "5.6"]
[White "Mocellin, Gianfranco"]
[Black "Radulescu, Gheorghe"]
[Result "1/2-1/2"]
[WhiteElo "1605"]
[BlackElo "1915"]
[Annotator "Gabriele Ballarin"]
[PlyCount "93"]
[EventDate "2001.05.05"]
[EventType "swiss"]
[EventRounds "6"]
[EventCountry "ITA"]
[SourceTitle "Inf 22"]

1. Nf3 d5 2. g3 c5 3. Bg2 Nc6 4. d4 cxd4 5. Nxd4 e5 6. Nxc6 bxc6 7. O-O Bc5 8. c4 Ne7 9. cxd5 cxd5 10. Nc3 Bb7 11. Qb3 Rb8 12. Qa4+ Bc6 13. Qg4 O-O 14. Rd1 f5 15. Qh3 Qb6 16. Bg5 Bxf2+ 17. Kh1 Rbe8 18. Bxe7 Rxe7 19. Nxd5 Bxd5 20. Bxd5+ Kh8 21. b3 Bd4 22. Rac1 Qb5 23. Bc4 Qb7+ 24. Qg2 Qxg2+ 25. Kxg2 g5 26. Rf1 f4 27. a4 h5 28. h3 Kg7 29. g4 Kg6 30. a5 Rh8 31. Rh1 hxg4 32. hxg4 Rh4 33. Rxh4 gxh4 34. Kf3 e4+ 35. Kg2 Kg5 36. Rd1 Be3 37. Kh3 Bf2 38. Rd5+ Kg6 39. Rd6+ Kg7 40. g5 Be1 41. Re6 Rxe6 42. Bxe6 Bxa5 43. Kxh4 Bc7 44. Kg4 e3 45. b4 Bd6 46. b5 Bc7 47. Bc4 1/2-1/2

[Event "61.Camp. Veneto Quarti di Finale"]
[Site "Arquà Petrarca ITA"]
[Date "2001.05.13"]
[Round "5.9"]
[White "Pechy, Alaster"]
[Black "Guclu, Yaman"]
[Result "1-0"]
[WhiteElo "1615"]
[BlackElo "1605"]
[Annotator "Gabriele Ballarin"]
[PlyCount "75"]
[EventDate "2001.05.05"]
[EventType "swiss"]
[EventRounds "6"]
[EventCountry "ITA"]
[SourceTitle "Inf 22"]

{[%evp 0,73,19,19,19,-2,29,18,70,64,51,49,64,71,71,55,54,45,34,34,28,31,31,31,30,18,29,28,36,41,60,60,75,65,55,49,57,64,73,82,76,52,52,42,43,10,-1,-190,0,0,-21,0,0,0,65,0,0,0,631,631,655,948,1324,1476,29985,29986,29987,29988,29989,29990,29991,29990,29991,29992,29993,29994]} 1. d4 Nf6 2. c4 c5 3. d5 b5 4. cxb5 a6 5. bxa6 Bxa6 6. Nc3 d6 7. g3 g6 8. Bg2 Bg7 9. Nf3 Nbd7 10. O-O O-O 11. Re1 Qb6 12. h3 Rfb8 13. e4 Ne8 14. Qc2 Ra7 15. Rb1 Rab7 16. Bf4 Qc7 17. h4 c4 18. Be3 Nc5 19. Bxc5 Qxc5 20. h5 Nf6 21. hxg6 hxg6 22. e5 Ng4 23. e6 f5 24. Na4 Qa5 25. Nh4 Bd4 26. Rf1 Kg7 27. Nxf5+ gxf5 28. Qxf5 Bxf2+ 29. Rxf2 Nxf2 30. Qf7+ Kh8 31. Qxf2 Qxa4 32. Qd4+ Kg8 33. Qg4+ Kh8 34. Qh5+ Kg7 35. Qg5+ Kh8 36. Qh6+ Kg8 37. Qg6+ Kh8 38. Be4 1-0

[Event "61.Camp. Veneto Quarti di Finale"]
[Site "Arquà Petrarca ITA"]
[Date "2001.05.13"]
[Round "5.10"]
[White "Ballarin, Gabriele"]
[Black "Giuriato, Sergio"]
[Result "1/2-1/2"]
[WhiteElo "1570"]
[BlackElo "1765"]
[Annotator "Gabriele Ballarin"]
[PlyCount "83"]
[EventDate "2001.05.05"]
[EventType "swiss"]
[EventRounds "6"]
[EventCountry "ITA"]

1. e4 Nc6 2. d4 d5 3. Nc3 dxe4 4. d5 Nb8 5. Qd4 e6 6. Qxe4 Nf6 7. Qa4+ c6 8. dxc6 Nxc6 9. Be3 Be7 10. Rd1 Bd7 11. Nb5 O-O 12. Qb3 Nd5 13. Nf3 a6 14. Nbd4 Nxe3 15. fxe3 Qc7 16. c3 Rfd8 17. Bd3 Rac8 18. O-O b5 19. Be4 Ne5 20. Qc2 Ng6 21. Qf2 b4 22. cxb4 f5 23. Bd3 Bxb4 24. a3 Bc5 25. Bxa6 Ra8 26. Bd3 f4 27. Bxg6 hxg6 28. Ng5 e5 29. b4 Bb6 30. Qa2+ Kh8 31. Nde6 fxe3 32. Nxc7 Bg4 33. Rxd8+ Rxd8 34. Kh1 e2 35. Re1 Rd1 36. Qb1 Bf2 37. Qxd1 exd1=Q 38. Rxd1 Bxd1 39. Ne4 (39. Nf7+ Kg8 40. Nxe5) 39... Bd4 40. Ne6 Bb2 41. N6c5 Bxa3 42. b5 1/2-1/2

[Event "61.Camp. Veneto Quarti di Finale"]
[Site "Arquà Petrarca ITA"]
[Date "2001.05.13"]
[Round "6.5"]
[White "Dal Zovo, Claudio"]
[Black "Mocellin, Gianfranco"]
[Result "0-1"]
[WhiteElo "1765"]
[BlackElo "1605"]
[Annotator "Gabriele Ballarin"]
[PlyCount "152"]
[EventDate "2001.05.05"]
[EventType "swiss"]
[EventRounds "6"]
[EventCountry "ITA"]
[SourceTitle "Inf 22"]

{[%evp 0,137,19,19,19,-5,-19,-20,10,3,-1,10,10,1,2,14,16,-1,4,-16,9,0,38,43,49,46,53,13,67,31,52,32,67,48,82,70,41,24,23,31,31,39,57,55,68,47,121,15,25,22,38,36,74,63,68,70,73,25,49,68,105,130,129,109,145,148,188,180,195,197,191,177,157,161,220,-8,-8,-28,-15,-61,39,-42,-27,-36,-39,-73,-24,-30,-23,-28,-32,-72,-78,-66,-74,-77,-119,-100,-106,-105,-105,-109,-52,-109,-109,-123,-105,-113,-109,-105,-105,-107,-115,-142,-188,-109,-138,-206,-230,-231,-259,-315,-306,-428,-425,-418,-428,-496,-502,-504,-367,-532,-457,-490,-469,-573,-571,-585,-589,-606]} 1. d4 Nf6 2. Nd2 d5 3. b3 g6 4. Bb2 Bg7 5. e3 O-O 6. h3 Nc6 7. Ngf3 Bf5 8. Nh4 Bd7 9. a3 e6 10. Nhf3 Re8 11. Bd3 a6 12. O-O Bc8 13. Ne5 Ne7 14. Qe2 Nd7 15. f4 f5 16. Ndf3 Nf6 17. Ng5 Rf8 18. a4 Ne4 19. Bxe4 fxe4 20. Ba3 Bd7 21. h4 Qe8 22. g4 Bxe5 23. dxe5 h6 24. Nh3 Rf7 25. c4 c6 26. Bd6 Nc8 27. c5 b6 28. b4 a5 29. bxa5 Rxa5 30. cxb6 Nxd6 31. exd6 Qb8 32. Rfb1 Bc8 33. Qd2 Qa8 34. Qc2 Bb7 35. g5 h5 36. Nf2 Rd7 37. Nxe4 dxe4 38. Qxe4 Qe8 39. Qb4 Ra6 40. Qc5 Qd8 41. Rd1 Rxb6 42. e4 Ra6 43. a5 Qf8 44. Qe5 Qf7 45. Qf6 c5 46. Qxf7+ Kxf7 47. e5 Bd5 48. Rdb1 Rb7 49. Rxb7+ Bxb7 50. Kf2 Ke8 51. Ke3 Kd7 52. Kd3 Bd5 53. Kc3 Kc6 54. Ra3 Ra7 55. a6 Kb6 56. Ra1 Bc6 57. f5 gxf5 58. Rb1+ Bb5 59. Ra1 Bxa6 60. Rd1 Bb5 61. g6 Rg7 62. Rg1 Kc6 63. Rg5 Kd5 64. Rxh5 Kxe5 65. Rh7 Kf6 66. Rh8 Rxg6 67. h5 Rg3+ 68. Kd2 Rd3+ 69. Kc2 Rxd6 70. h6 f4 71. Rf8+ Kg6 72. Rxf4 Kxh6 73. Rf2 Rd5 74. Rf6+ Kg5 75. Rxe6 Kf5 76. Re1 Re5 0-1